Návrh zariadenia pre meranie tuhosti valcových pružín

Na minha lista:
Detalhes bibliográficos
Autor principal: Fischer, Matej (Author)
Outros Autores: Naď, Milan (Thesis advisor)
Formato: Manuscrito Livro
Idioma:eslovaco
Publicado em: 2025
Assuntos:
Acesso em linha:http://is.stuba.sk/zp/portal_zp.pl?podrobnosti=176800
Tags: Adicionar Tag
Sem tags, seja o primeiro a adicionar uma tag!

MARC

LEADER 00000ntm a22000003a 4500
001 stuzp103892
003 SK-STU
005 20250628210951.6
007 ta
008 150427s2015----xo-----f-mn---000-0-slo-d
040 |a STU  |b slo 
041 0 |a slo 
100 1 |a Fischer, Matej  |u 066000  |4 aut  |U MTF Materiálovotechnologická fakulta  |T MTF Ústav aplikovanej informatiky, automatizácie a mechatroniky  |X 121879  |U M6000  |Y 86  |7 121879 
242 0 1 |a Design of a device for measuring the stiffness of cylindrical springs  |y eng 
245 1 0 |a Návrh zariadenia pre meranie tuhosti valcových pružín 
260 |c 2025 
650 4 |a valcová pružina  |2 slo 
650 4 |a sila v pružine  |2 slo 
650 4 |a experimentálne meranie  |2 slo 
650 4 |a meracie zariadenie  |2 slo 
650 4 |a tuhosť pružiny  |2 slo 
650 4 |a spring stiffness  |2 eng 
650 4 |a spring force  |2 eng 
650 4 |a cylindrical spring  |2 eng 
650 4 |a measuring device  |2 eng 
650 4 |a experimental measurement  |2 eng 
700 1 |a Naď, Milan  |u 066000  |k Z1  |4 ths  |U MTF Materiálovotechnologická fakulta  |T MTF Ústav aplikovanej informatiky, automatizácie a mechatroniky  |X 202  |U M6000  |Y 86  |7 A000000202 
856 4 |u http://is.stuba.sk/zp/portal_zp.pl?podrobnosti=176800 
996 |c M* BP-9913  |l MMSKP  |s P  |a 0  |w stuzp103892_0001